| 000 | 00943cam a2200265 a 4500 | ||
|---|---|---|---|
| 001 | 17397648 | ||
| 005 | 20150212154316.0 | ||
| 008 | 120723t2012 xxuadk frbf 001 0 eng d | ||
| 020 | _a9780071768047 | ||
| 020 | _a0071768041 | ||
| 040 |
_aDLC _cDLC _dDLC _dEG-ScBUE |
||
| 082 | 0 | 0 |
_a660.0212 _222 _bHAN |
| 245 | 0 | 0 |
_aHandbook of chemical engineering calculations / _ceditors Tyler G. Hicks, Nicholas P. Chopey. |
| 250 | _a4th ed. | ||
| 260 |
_aNew York, United States : _bMcGraw-Hill, _cc.2012. |
||
| 300 |
_a[Various pagings] : _bcharts, forms, tables ; _c25 cm. |
||
| 500 | _aIncludes index. | ||
| 504 | _aIncludes bibliographical references. | ||
| 650 | 0 |
_aChemical engineering _xMathematics _99378 _vHandbooks, manuals, etc. |
|
| 653 |
_bENGCHE _cFebruary2015 |
||
| 655 |
_vreading book _934232 |
||
| 700 | 1 |
_aHicks, Tyler Gregory, _d1921- _937390 _eeditor. |
|
| 700 | 1 |
_aChopey, Nicholas P. _937391 _eeditor. |
|
| 942 |
_2ddc _k660.0212 HAN |
||
| 999 |
_c18968 _d18940 |
||